000 00886nam a2200253 i 4500
001 185984
003 ES-MaACL
005 20250912063057.0
008 160901s1989 mx fo |||| | spa d
020 _a968-16-3332-6
080 _a393
100 1 _aThomas, Louis-Vincent (
_d1922-1994)
_9160670
245 1 3 _aEl cadáver
_b: de la biología a la antropología /
_cLouis-Vincent Thomas.
250 _a1ª ed. en español.
260 _aMéxico :
_bFondo de Cultura Económica,
_c1989.
300 _a329 p., [24] p. de lám. fot. ;
_c17 cm.
490 1 _aColección popular (Fondo de Cultura Económica) ;
_v432
_9241328
504 _aBibliografía: p. 320-329.
650 7 _aRitos y ceremonias fúnebres
_2embne
_9158567
650 7 _aMuerte
_2embne
_915241
852 _aES-MaACL
_jL-30596
_z. - Donat. Miguel A. Velasco
942 _2udc
999 _c185984
_d185984